000 00524nam a2200181 i 4500
001 88720
003 ES-MaACL
005 20260506105542.0
007 t|
008 050105s1972 sp ||||1| spa d
100 1 _aLarra, Mariano José de,
_d1809-1837
_970287
245 1 3 _aEl doncel de Don Enrique el Doliente /
_cMariano José de Larra.
260 _a[Madrid :
_bMauricio d'Ors,
_c1972]
300 _a500 p. ;
_c17 cm.
852 _aES-MaACL
_jC-44447
_bR.82164
_cDEPO2
942 _2udc
999 _c88720
_d88720